Do campo à mesa (Record no. 14516)

MARC details
000 -LÍDER
campo de controle de tamanho fixo 00915 a2200277 4500
001 - NÚMERO DE CONTROLE
campo de controle 14516
020 ## - ISBN - INTERNATIONAL STANDARD BOOK NUMBER
ISBN - International Standard Book Number 8516036332
020 ## - ISBN - INTERNATIONAL STANDARD BOOK NUMBER
Informação qualificadora (broch.)
020 ## - ISBN - INTERNATIONAL STANDARD BOOK NUMBER
ISBN - International Standard Book Number 9788516074456
041 ## - CÓDIGO DE IDIOMA
Código do idioma do texto/trilha sonora ou título diferente por
082 ## - CDD - CLASSIFICAÇÃO DECIMAL DE DEWEY
Número de Classificação 338
040 ## - FONTE DA CATALOGAÇÃO
Instituição da catalogação original BR-BrIDEA
Instituição que transcreveu o registro BR-BrIDEA
090 ## - NÚMERO DE CHAMADA LOCAL
Número de chamada (OCLC) (R); Número de chamada, CALL (RLIN) (NR) P Year 4 338
Número Cutter local (OCLC); Número de classificação do livro, CALL (RLIN) CHU
100 ## - ENTRADA PRINCIPAL--NOME PESSOAL
Nome pessoal Chu, Teddy.
250 ## - EDIÇÃO
Edição 1. ed.
245 10 - TÍTULO
Título Do campo à mesa
Restante do título o caminho dos alimentos
Indicação de responsabilidade, etc. Teddy Chu
260 ## - PUBLICAÇÃO, DISTRIBUIÇÃO, ETC.
Local de publicação, distribuição, etc. São Paulo
Nome do editor, distribuidor, etc. Moderna
Data da publicação, distribuição, etc. 2003
300 ## - DESCRIÇÃO FÍSICA
Extensão 47p.
490 ## - TÍTULO DA SÉRIE
Título da série Viramundo
520 ## - NOTA DE RESUMO, ETC
Resumo, etc. Do plantio à colheita, da criação de animais à distribuição dos alimentos, este livro mostra que o alimento não cai do céu, custa dinheiro e depende do trabalho de muitas pessoas. E aproveita para passar algumas receitas, mostrando que aprender a cozinhar pode ser divertido.
521 ## - NOTA DO PÚBLICO ALVO
Nota de público alvo Year 4
697 ## - ENTRADA DE ASSUNTO LOCAL--ENTIDADE COLETIVA (RLIN)
Nome corporativo ou nome da jurisdição Ensino Fundamental
830 ## - ENTRADA SECUNDÁRIA DE SÉRIE--TÍTULO UNIFORME
Título uniforme Viramundo
856 ## - LOCALIZAÇÃO ELETRÔNICA E ACESSO
Uniform Resource Identifier <a href="000025/000025e4.jpg">000025/000025e4.jpg</a>
942 ## - ELEMENTOS DE ENTRADA ADICIONADOS (KOHA)
Tipo de material Koha Livros
Holdings
Situação do descarte Situação das perdas Situação física Não pode ser emprestado Biblioteca de origem Biblioteca atual Data de aquisição Total de empréstimos Número de chamada completo Código de barras Data de último acesso Data do preço efetivo Tipo de material Koha Fonte da classificação ou esquema de arquivamento na estante Devolução em Data do último empréstimo
        Colégio Anchieta - Aquarius Colégio Anchieta - Aquarius 21/11/2023   028.5 CHU DOC 6394/AQU 21/11/2023 21/11/2023 Livros      
        Colégio Anchieta - Bela Vista Colégio Anchieta - Bela Vista 21/11/2023   028.5 C559d CHU DOC 1918/BEL 21/11/2023 21/11/2023 Livros      
        Colégio Anchieta - Bela Vista Colégio Anchieta - Bela Vista 21/11/2023   028.5 C559d CHU DOC 3067/BEL 21/11/2023 21/11/2023 Livros      
        Colégio São Paulo Colégio São Paulo 21/11/2023   028.5 CHU DOC 4720/ITA 21/11/2023 21/11/2023 Livros      
        Colégio São Paulo Colégio São Paulo 22/11/2023   613.2 C559c 8634/CSP 22/11/2023 22/11/2023 Livros      
        ECB - SUDOESTE ECB - SUDOESTE 07/02/2017 1 P Year 4 338 00027458SSW 06/02/2024 23/01/2024 Livros Classificação Decimal de Dewey 06/04/2024 06/02/2024
        ECB - SUDOESTE ECB - SUDOESTE 07/02/2017 1 P Year 4 338 00027457SSW 06/02/2024 23/01/2024 Livros Classificação Decimal de Dewey 06/04/2024 06/02/2024
        ECB - SUDOESTE ECB - SUDOESTE 13/11/2013   P Year 4 338 00006135SSW 23/01/2024 23/01/2024 Livros Classificação Decimal de Dewey    
        ECB - ÁGUAS CLARAS ECB - ÁGUAS CLARAS 10/11/2020   AP Year 4 338 CHU 00050635AGC 23/01/2024 23/01/2024 Livros Classificação Decimal de Dewey    
        ECB - ÁGUAS CLARAS ECB - ÁGUAS CLARAS 10/11/2020 2 AP Year 4 338 CHU 00050636AGC 01/10/2024 23/01/2024 Livros Classificação Decimal de Dewey   12/08/2024
        ECB - ÁGUAS CLARAS ECB - ÁGUAS CLARAS 10/11/2020 2 AP Year 4 338 CHU 00050637AGC 01/10/2024 23/01/2024 Livros Classificação Decimal de Dewey   12/08/2024